00447nam a2200181 a 4500001001300000003000900013005001700022008004100039020002300080082001300103100002000116245002900136260002500165300000900190500003500199650001100234700002000245nice12345678IN_TiNIC20260116015042.0100205s2006 dela grp 000 0 eng  a8172149239 c30000a226bWAT aWatkins, Adrian aGospel and Globalisation aDelhi bISPCK c2006 a341p aincludes index and biblioraphy aGospel1 aWatkins, Adrian